000 00926cam a2200157 4500500
005 20260111132233.0
041 _afre
042 _adc
100 1 0 _aQueffelec, Anne
_eauthor
245 0 0 _aLa co-soignance
260 _c2025.
500 _a33
520 _aCet écrit est le compte-rendu d’une enquête de terrain menée par une pensionnaire et une monitrice. Il offre un éclairage sur le concept de co-soignance dans l’institution qu’est la clinique de La Chesnaie, où des questions ont été posées pendant quelques mois aux soignants et aux soignés : parfois en individuel, parfois à plusieurs autour d’un café, quelquefois également entre deux portes ou lors d’une balade en forêt.
786 0 _nVST - Vie sociale et traitements | 168 | 4 | 2025-12-05 | p. 44-44 | 0396-8669
856 4 1 _uhttps://shs.cairn.info/revue-vst-vie-sociale-et-traitements-2025-4-page-44?lang=fr&redirect-ssocas=7080
999 _c1634625
_d1634625